European office market 2009 (Record no. 109386)

MARC details
000 -LEADER
fixed length control field 01883cad a22002415a 4500
001 - CONTROL NUMBER
control field L146998
008 - FIXED-LENGTH DATA ELEMENTS--GENERAL INFORMATION
fixed length control field 090223s2009 fr d f s 000 0 eng d
035 ## - SYSTEM CONTROL NUMBER
System control number (Sirsi) u146998
041 0# - LANGUAGE CODE
Language code of text/sound track or separate title eng
050 04 - LIBRARY OF CONGRESS CALL NUMBER
Classification number 333.33 $2 18
110 2# - MAIN ENTRY--CORPORATE NAME
Corporate name or jurisdiction name as entry element BNP Paribas Real Estate
9 (RLIN) 5715
245 00 - TITLE STATEMENT
Title European office market 2009
Medium [electronic resource]
260 ## - PUBLICATION, DISTRIBUTION, ETC.
Place of publication, distribution, etc. [S.l]
Name of publisher, distributor, etc. BNP Paribas Real Estate
Date of publication, distribution, etc. 2009
490 #0 - SERIES STATEMENT
Series statement Atisreal European Office Market
Volume/sequential designation 2009
505 2# - FORMATTED CONTENTS NOTE
Formatted contents note Office market -- Investment market -- Amsterdam -- Athens -- Barcelona -- Berlin -- Brussels -- Bucharest -- Cologne -- Dusseldorf -- Frankfurt -- Hamburg -- Kiev -- Lille -- Central London -- Luxembourg -- Lyon -- Madrid -- Manchester -- Marseille -- Milan -- Moscow -- Munich -- Central Paris -- Thames Valley -- The Hague -- Comparative economic performances - Understanding our data
520 ## - SUMMARY, ETC.
Summary, etc. Reports that the European Office Take-up Index continued to fall in Q4 2008, dropping by 19% over the whole year, following a peak in Q3 2007. However, some European markets performed better than others: the biggest falls were in The Hague and Madrid, where the markets fell respectively by 66% and 49% in 2008. The London market fell by 30%, with Paris and Amsterdam seeing falls of around 12%. The European Prime Rent Index was stable in 2008 due to lack of supply in Central Business Districts of the major cities. In London, however, a rise in supply has increased vacancy rates to over 5%, leading to the first fall in prime rent in Europe. The index fell by 2% at the end of the year, suggesting further falls in 2009.
590 ## - LOCAL NOTE (RLIN)
Local note KA
650 24 - SUBJECT ADDED ENTRY--TOPICAL TERM
Topical term or geographic name entry element ATISREAL EUROPEAN OFFICE MARKET
651 #4 - SUBJECT ADDED ENTRY--GEOGRAPHIC NAME
Geographic name Europe
690 ## - LOCAL SUBJECT ADDED ENTRY--TOPICAL TERM (OCLC, RLIN)
Topical term or geographic name as entry element PROPERTY-COMMERCIAL PROPERTY-COMMERCIAL PROPERTY MARKET
856 40 - ELECTRONIC LOCATION AND ACCESS
Uniform Resource Identifier <a href="https://www.atisreal.com/">https://www.atisreal.com/</a>
Public note View this report free of charge at www.atisreal.com (see market research section)...
942 ## - ADDED ENTRY ELEMENTS (KOHA)
Suppress in OPAC 0
Holdings
Withdrawn status Lost status Source of classification or shelving scheme Damaged status Not for loan Home library Current library Shelving location Date acquired Total Checkouts Full call number Barcode Date last seen Copy number Price effective from Koha item type
    Dewey Decimal Classification     Virtual Virtual Online 23/03/2009   ONLINE PUBLICATION 146998-2001 06/08/2019 1 06/08/2019 Book